| 000 | 01249nam a2200289 a 4500 | ||
|---|---|---|---|
| 001 | 000023181 | ||
| 005 | 20200930022036.0 | ||
| 008 | 101130s1994 xx d 000 0 spa d | ||
| 020 | _a9275315493 | ||
| 040 |
_aDO-SdBNP _bspa _cBNPHU |
||
| 082 |
_a614 _bO68c |
||
| 110 | 1 |
_aOrganización Panamericana de la Salud _91055 |
|
| 240 | 1 | 0 |
_aHealth conditions in the americas. _lEspañol. |
| 245 | 1 | 4 |
_aLas condiciones de salud en las américas / _cOrganización Panamericana de la Salud ; prólogo de Carlyle Guerra de Macedo. |
| 260 |
_aWashington, D.C. : _bOPS, _c1994. |
||
| 300 |
_av. ; : _bdiagramas ; _c28 cm. |
||
| 490 | 1 |
_aPublicación Científica _v549 |
|
| 500 | _aLa biblioteca posee el volumen 1 y 2. | ||
| 504 | _aIncluye referencias bibliográficas y notas al pie de las páginas. | ||
| 534 |
_aPublicada también en inglés (1994) con el título: _tHealth conditions in the americas. |
||
| 650 | 4 |
_aSalud pública _xEstadísticas _945364 |
|
| 650 | 4 |
_aPoblación _xEstadísticas _y1973-1976 _947724 |
|
| 650 | 4 |
_aAmérica norte _xPoblación _xEstadística _947725 |
|
| 650 | 4 |
_aAmérica del sur _xPoblación _xEstadística _947726 |
|
| 700 | 1 |
_aGuerra de Macedo, Carlyle, _epról. _947727 |
|
| 830 | 0 |
_aPublicación Científica ; _n549 _947728 |
|
| 999 |
_c22678 _d22678 |
||